000 00401nam a22001577a 4500
999 _c6461
_d6459
005 20210831152340.0
008 200523b xxu||||| |||| 00| 0 eng d
041 _aeng
082 _a340
100 _aBARE ACT
_95744
245 _aTHE ACCIENT MONUMENTS AND ARCHAEOLOGICAL SITES AND REMAINS ACT,1958
260 _aDELHI
_bPROFESSIONALS BOOKS
300 _a87 p,
650 _aLAW
_95701
942 _cBK